Catálogo
 En Linea

De la nobleza europea : (Registro nro. 6720)

Detalles MARC
000 -CABECERA
campo de control de longitud fija 00803cam a2200205 a 4500
001 - NÚMERO DE CONTROL
campo de control 000006936
005 - FECHA Y HORA DE LA ÚLTIMA TRANSACCIÓN
campo de control 20200929154027.0
008 - DATOS DE LONGITUD FIJA--INFORMACIÓN GENERAL
campo de control de longitud fija 080624s2002 mx ab b f001 0 spa
020 ## - NÚMERO INTERNACIONAL ESTÁNDAR DEL LIBRO
Número Internacional Estándar del Libro 9701881974
ISBN cancelado o inválido 9789701881974
040 ## - FUENTE DE LA CATALOGACIÓN
Centro catalogador/agencia de origen DO-SdBNP
Centro/agencia transcriptor DLC
082 ## - NÚMERO DE LA CLASIFICACIÓN DECIMAL DEWEY
Número de clasificación 923.272
Número de documento/Ítem G152R
100 1# - ENTRADA PRINCIPAL--NOMBRE DE PERSONA
Nombre de persona Ríos Ruiz, Arturo,
Fechas asociadas al nombre 1947-
9 (RLIN) 19242
245 10 - MENCIÓN DE TÍTULO
Título De la nobleza europea :
Resto del título el príncipe Hermenegildo Galeana : lo desconocido del héroe de la independencia de México /
Mención de responsabilidad, etc. Arturo Ríos Ruiz.
246 14 - FORMA VARIANTE DE TÍTULO
Título propio/Titulo breve Príncipe Hermenegildo Galeana
260 ## - PUBLICACIÓN, DISTRIBUCIÓN, ETC.
Lugar de publicación, distribución, etc. México :
Nombre del editor, distribuidor, etc. Instituto Politécnico Nacional,
Fecha de publicación, distribución, etc. 2002.
300 ## - DESCRIPCIÓN FÍSICA
Extensión 253 p. :
Otras características físicas il., maps ;
Dimensiones 21 cm.
504 ## - NOTA DE BIBLIOGRAFÍA, ETC.
Nota de bibliografía, etc. Incluye referencias bibliográfica (p. 233-235).
600 10 - PUNTO DE ACCESO ADICIONAL DE MATERIA--NOMBRE DE PERSONA
Nombre de persona GALEANA, HERMENEGILDO,
Fechas asociadas al nombre 1762-1814
Subdivisión general FAMILIA.
9 (RLIN) 19243
910 ## - DATOS DE OPCIÓN DEL USUARIO (OCLC)
Datos de opción del usuario Catalogación por copia / LC
Existencias
Estado de retiro Estado de pérdida Restricciones de uso No para préstamo Código de colección Localización permanente Ubicación/localización actual Ubicación en estantería Fecha de adquisición Número de inventario Total de préstamos Signatura topográfica completa Código de barras Fecha visto por última vez Precio válido a partir de Tipo de ítem Koha
    Préstamo interno   Monografías: Libros y Folletos General General En catalogación 03.09.2009 LF1   923.272 G152R 6936-10 25.06.2020 25.06.2020 Préstamo interno

Con tecnología Koha